000 00577nam a2200217Ia 4500
003 OSt
005 20221007083009.0
006 a|||||r|||| 00| 0
007 ta
008 221006b |||||||| |||| 00| 0 eng d
024 _a45,705
037 _cDissertations
040 _aFLL
_cFLL
_beng
041 _2eng
_aeng
100 _aLANDOL Padma
_9700036
245 0 _aCorporate social responsibility towards environmental protection and sustainability
260 _c2018
300 _aix,96p.
_ccm.
942 _cDIS
_2CC
999 _c1168447
_d1168447